000 00732nam a2200289Ia 4500
005 20250425162212.0
008 250425s9999 xx 000 0 und d
020 _a9684227930
041 _aspa
043 _amx
082 _a621.4021
100 _aABBOTT, MICHAEL M.
245 0 _aTERMODINAMICA
250 _a2A ED.
260 _aMEXICO
260 _aMéxico
_bMCGRAW-HILL
_c1991
300 _a400
500 _aDONADO POR ING. PATIÑO FIMCP
500 _aTítulo Traducido: SCHAUM`S OUTLINE OF THERMODYNAMICS
650 _aENTROPIA
650 _aPROPIEDADES TERMODINAMICAS
650 _aTERMODINAMICA
650 _aTERMOQUIMICA
700 _aRODOLFO NAVARRO
_etraductor
942 _c01
010 _a55846
999 _c224408
_d224408